British Monarchs Minefield Quiz Stats

 Plays Quiz Updated Apr 17, 2014

Support Sporcle.
Go Orange.
Score 0/41 Timer 10:00
5 Plays Today
% Correct
???
99.7%
???
92%
???
83%
???
76.9%
???
68.4%
???
63.9%
???
55.1%
???
51.9%
???
51.1%
???
50.5%
???
50.2%
???
44.7%
???
42.8%
???
39.6%
???
38.2%
???
37.5%
???
37.1%
???
36.2%
???
34.6%
???
28.8%
???
27.9%
% Correct
???
27.2%
???
27%
???
24.2%
???
21.7%
???
19.8%
???
18.5%
???
18%
???
17.2%
???
14.5%
???
13.2%
???
12.6%
???
12.1%
???
11.1%
???
9.7%
???
9.4%
???
9.1%
???
8.5%
???
8.3%
???
8.3%
???
8.3%

You're not logged in!

Compare scores with friends on all Sporcle quizzes.
OR
Log In

From the Vault

Wrestlers or Mushrooms?

by nabean

Any mushrooms looking at you angrily lately?
Remove Ads.
Support Sporcle.
Get the best of Sporcle when you Go Orange. This ad-free experience offers more features, more stats, and more fun while also helping to support Sporcle. Thank you for becoming a member.

Show Comments

Extras

Top Quizzes Today


Score Distribution

Your Account Isn't Verified!

In order to create a playlist on Sporcle, you need to verify the email address you used during registration. Go to your Sporcle Settings to finish the process.

Report this User

Report this user for behavior that violates our Community Guidelines.

Details: